LEADER 01370nam a2200301 i 4500 001 000000168253 003 CaOOAMICUS 005 20071220000000.0 008 071220s2003 it u000 u ita u 013 $a145655 020 $a88-06-16590-9 040 $aSeMil$bita 100 1 $aMilis, Ludo,$d<1940- >.$0(OLS)http://semarc/name/34650 240 14$aLes moines et le peuple dans l'Europe du Moyen Age.$0(OLS)http://semarc/title/240701 245 10$aMonaci e popolo nell'Europa medievale /$cLudo Milis ; traduzione di Sergio Arecco. 260 $aTorino :$bPiccola Biblioteca Einaudi,$c2003. 300 $aXIV, 218 p. ;$c20 cm. 490 0 $aPiccola biblioteca Einaudi. Nuova serie ;$v244 500 $aContiene : Bibliografia. 650 4$aMonachesimo - Europa - Sec. 6.-14.$0(OLS)http://semarc/subject/32063 700 1 $aArecco, Sergio.$0(OLS)http://semarc/name/63193 830 0$aPiccola biblioteca Einaudi. Nuova serie ;$v244.$0(OLS)http://semarc/title/7479 850 $aSeMil 852 $aSeMil$W1$xVenegono$y1$m3T II 16$j119340$B119340$CSeMilBibl$Z2$F130440 $81 961 $aAcquisto: Einaudi (Agente) 996 $6020$a88-06-16590-9$9(OLS)http://semarc/number/154995 996 $6245$aMonaci e popolo nell'Europa medievale$9(OLS)http://semarc/title/240700 996 $6260$aTorino :$bPiccola Biblioteca Einaudi$9(OLS)http://semarc/publisher/34351 LEADER 00798nam a2200205 i 4500 001 000000178257 003 CaOOAMICUS 005 20090313000000.0 008 090313s1920 it u000 u fre u 013 $a155826 040 $aSeMil$bita 100 1 $aMeillet, Antoine,$d<1866-1936>.$0(OLS)http://semarc/name/9357 245 10$aAperçu d'une histoire de la langue grecque /$cA. Meillet. 250 $a2e édition revue et corrigée. 260 $aParis :$bLibrairie Hachette,$c1920. 300 $aXV, 254 p. ;$c22 cm. 850 $aSeMil 852 $aSeMil$W1$xVenegono$y1$m1Z V 117$j129042$B129042$CSeMilBibl$Z2$F140181 $81 996 $6245$aAperçu d'une histoire de la langue grecque$9(OLS)http://semarc/title/255835 996 $6260$aParis :$bLibrairie Hachette$9(OLS)http://semarc/publisher/33597